00403nam a2200157Ia 4500003000400000005001700004006001800021007000300039008004100042037001700083040001800100041001300118082002700131100002500158245006200183OSt20220926041311.0a|||||r|||| 00| 0ta220923b |||||||| |||| 00| 0 eng d cGeneral Book aRTLcRTLbeng 2engaeng aY:5.2sN61, K1.1-1A1(i) aCensus of India 1961 0aLevels of regional development b India V1 Pt I-A (i)